000 00488nam a2200181 i 4500
001 59789
003 ES-MaACL
007 t|
008 031030s1952 sp ||||1| spa d
100 1 _aEnrich, Juan.
_947259
245 1 3 _aLa venganza /
_cJ. Enrich.
260 _aBarcelona :
_b[s.n.],
_c1952 (
_fGráfs. Condal)
300 _a190 p. ;
_c19 cm.
490 1 _aArchivo policial
830 0 _aArchivo policial
_9230535
852 _aES-MaACL
_jC-7883
_bR.33484
999 _c59789
_d59789